[Event "AsianNationCup2018-WomenRapid"]
[Site "?"]
[Date "2018.07.27"]
[Round "4.5"]
[White "Lei, Tingjie"]
[Black "Abdumalik, Zhansaya"]
[Result "1-0"]
[BlackElo "2426"]
[WhiteElo "2507"]
[LiveChessVersion "1.4.8"]

1. d4 {[%clk 0:15:01]} Nf6 {[%clk 0:15:13]} 2. Bf4 {[%clk 0:15:03]} g6
{[%clk 0:14:54]} 3. Nc3 {[%clk 0:15:11]} d5 {[%clk 0:14:37]} 4. e3
{[%clk 0:15:17]} Bg7 {[%clk 0:14:39]} 5. h4 {[%clk 0:15:26]} h6 {[%clk 0:13:49]}
6. Be2 {[%clk 0:15:17]} c5 {[%clk 0:12:34]} 7. Nb5 {[%clk 0:15:18]} Na6
{[%clk 0:12:23]} 8. Nf3 {[%clk 0:14:54]} O-O {[%clk 0:11:38]} 9. c3
{[%clk 0:14:36]} Bf5 {[%clk 0:10:28]} 10. Ne5 {[%clk 0:12:18]} Ne4
{[%clk 0:08:45]} 11. f3 {[%clk 0:10:33]} Nd6 {[%clk 0:08:23]} 12. g4
{[%clk 0:10:26]} Be6 {[%clk 0:08:04]} 13. Nxd6 {[%clk 0:07:34]} exd6
{[%clk 0:08:13]} 14. Nd3 {[%clk 0:07:43]} Rc8 {[%clk 0:07:07]} 15. Bg3
{[%clk 0:07:33]} Qe7 {[%clk 0:05:33]} 16. Nf4 {[%clk 0:06:05]} Nc7
{[%clk 0:05:16]} 17. Qd2 {[%clk 0:05:58]} b5 {[%clk 0:05:05]} 18. Kf2
{[%clk 0:04:24]} a5 {[%clk 0:04:55]} 19. Rae1 {[%clk 0:04:28]} b4
{[%clk 0:04:34]} 20. Bd3 {[%clk 0:04:32]} Qd7 {[%clk 0:04:10]} 21. Kg2
{[%clk 0:03:07]} bxc3 {[%clk 0:03:39]} 22. bxc3 {[%clk 0:03:15]} a4
{[%clk 0:03:44]} 23. h5 {[%clk 0:03:11]} g5 {[%clk 0:03:31]} 24. Nxe6
{[%clk 0:03:19]} Nxe6 {[%clk 0:03:07]} 25. Bf5 {[%clk 0:02:47]} Qc6
{[%clk 0:02:38]} 26. Rb1 {[%clk 0:01:57]} Rb8 {[%clk 0:02:24]} 27. Rhc1
{[%clk 0:01:52]} Rfd8 {[%clk 0:02:05]} 28. Rd1 {[%clk 0:01:19]} Rdc8
{[%clk 0:01:06]} 29. Rbc1 {[%clk 0:00:53]} a3 {[%clk 0:01:05]} 30. Rc2
{[%clk 0:01:02]} Rd8 {[%clk 0:00:47]} 31. Bf2 {[%clk 0:00:15]} Rb7
{[%clk 0:00:34]} 32. Qc1 {[%clk 0:00:22]} Qa4 {[%clk 0:00:35]} 33. Bg3
{[%clk 0:00:24]} Rb2 {[%clk 0:00:36]} 34. Rdd2 {[%clk 0:00:28]} Rb6
{[%clk 0:00:40]} 35. Qd1 {[%clk 0:00:31]} c4 {[%clk 0:00:41]} 36. Qe2
{[%clk 0:00:27]} Re8 {[%clk 0:00:33]} 37. Qf2 {[%clk 0:00:35]} Bf6
{[%clk 0:00:28]} 38. Rc1 {[%clk 0:00:33]} Ng7 {[%clk 0:00:31]} 39. Bc2
{[%clk 0:00:41]} Qd7 {[%clk 0:00:38]} 40. e4 {[%clk 0:00:40]} Rb2
{[%clk 0:00:36]} 41. exd5 {[%clk 0:00:45]} Reb8 {[%clk 0:00:26]} 42. Re2
{[%clk 0:00:43]} Kf8 {[%clk 0:00:29]} 43. Be4 {[%clk 0:00:37]} Ne8
{[%clk 0:00:30]} 44. Rcc2 {[%clk 0:00:41]} R2b6 {[%clk 0:00:34]} 45. Qe3
{[%clk 0:00:39]} Nc7 {[%clk 0:00:40]} 46. Qc1 {[%clk 0:00:37]} Qa4
{[%clk 0:00:40]} 47. f4 {[%clk 0:00:45]} Qa5 {[%clk 0:00:27]} 48. fxg5
{[%clk 0:00:43]} Bxg5 {[%clk 0:00:20]} 49. Bf4 {[%clk 0:00:39]} Rb1
{[%clk 0:00:24]} 50. Qd2 {[%clk 0:00:42]} Rd1 {[%clk 0:00:23]} 51. Bxd6+
{[%clk 0:00:44]} Kg7 {[%clk 0:00:32]} 52. Qxd1 {[%clk 0:00:53]} 1-0

[Event "AsianNationCup2018-WomenRapid"]
[Site "?"]
[Date "2018.07.27"]
[Round "4.6"]
[White "Saduakassova, Dinara"]
[Black "Shen, Yang"]
[Result "1-0"]
[BlackElo "2332"]
[WhiteElo "2360"]
[LiveChessVersion "1.4.8"]

1. d4 {[%clk 0:15:18]} d5 {[%clk 0:15:19]} 2. c4 {[%clk 0:15:27]} c6
{[%clk 0:15:27]} 3. Nf3 {[%clk 0:15:35]} Nf6 {[%clk 0:15:35]} 4. g3
{[%clk 0:15:41]} Bf5 {[%clk 0:15:37]} 5. Nc3 {[%clk 0:15:48]} e6 {[%clk 0:15:45]}
6. Qb3 {[%clk 0:15:56]} Qc8 {[%clk 0:14:59]} 7. Nh4 {[%clk 0:14:44]} dxc4
{[%clk 0:14:46]} 8. Qxc4 {[%clk 0:14:41]} Bc2 {[%clk 0:14:54]} 9. Bf4
{[%clk 0:12:29]} Nbd7 {[%clk 0:14:55]} 10. e3 {[%clk 0:11:34]} h6
{[%clk 0:14:17]} 11. Rc1 {[%clk 0:11:18]} Nb6 {[%clk 0:13:20]} 12. Qe2
{[%clk 0:11:26]} Bh7 {[%clk 0:13:29]} 13. e4 {[%clk 0:08:00]} Bb4
{[%clk 0:12:24]} 14. Bg2 {[%clk 0:07:59]} g5 {[%clk 0:12:11]} 15. Be5
{[%clk 0:08:08]} Nbd7 {[%clk 0:12:19]} 16. Nf3 {[%clk 0:07:35]} Bxe4
{[%clk 0:11:02]} 17. O-O {[%clk 0:07:43]} Bxc3 {[%clk 0:11:04]} 18. Rxc3
{[%clk 0:07:21]} Qd8 {[%clk 0:10:06]} 19. b4 {[%clk 0:06:55]} Bd5
{[%clk 0:09:15]} 20. b5 {[%clk 0:05:55]} Qa5 {[%clk 0:08:11]} 21. Rfc1
{[%clk 0:05:00]} O-O {[%clk 0:07:13]} 22. Bd6 {[%clk 0:04:08]} Ne4
{[%clk 0:07:09]} 23. Ra3 {[%clk 0:04:16]} Qxb5 {[%clk 0:07:09]} 24. Qxb5
{[%clk 0:04:24]} cxb5 {[%clk 0:07:18]} 25. Bxf8 {[%clk 0:04:32]} Kxf8
{[%clk 0:07:26]} 26. Rc7 {[%clk 0:03:56]} Ke8 {[%clk 0:06:48]} 27. Ne5
{[%clk 0:03:41]} Nxe5 {[%clk 0:06:25]} 28. dxe5 {[%clk 0:03:40]} b4
{[%clk 0:06:10]} 29. Ra5 {[%clk 0:02:59]} a6 {[%clk 0:06:06]} 30. Bxe4
{[%clk 0:02:18]} Bxe4 {[%clk 0:06:14]} 31. Rc4 {[%clk 0:01:44]} Bc6
{[%clk 0:06:15]} 32. Rxb4 {[%clk 0:01:45]} Rd8 {[%clk 0:06:23]} 33. Rb1
{[%clk 0:01:35]} Rd2 {[%clk 0:06:31]} 34. Rc1 {[%clk 0:01:30]} Kf8
{[%clk 0:06:00]} 35. Kf1 {[%clk 0:01:28]} Bd5 {[%clk 0:06:09]} 36. a3
{[%clk 0:01:20]} Kg7 {[%clk 0:06:14]} 37. Ke1 {[%clk 0:01:25]} Rb2
{[%clk 0:06:22]} 38. Rac5 {[%clk 0:01:30]} Ra2 {[%clk 0:06:09]} 39. R5c3
{[%clk 0:01:38]} Kg6 {[%clk 0:06:16]} 40. R1c2 {[%clk 0:01:42]} Ra1+
{[%clk 0:06:25]} 41. Rc1 {[%clk 0:01:47]} Ra2 {[%clk 0:06:23]} 42. R1c2
{[%clk 0:01:49]} Ra1+ {[%clk 0:06:31]} 43. Rc1 {[%clk 0:01:39]} Ra2
{[%clk 0:06:39]} 44. Re3 {[%clk 0:01:35]} Bc6 {[%clk 0:06:32]} 45. h4
{[%clk 0:01:23]} gxh4 {[%clk 0:06:24]} 46. gxh4 {[%clk 0:01:31]} Kf5
{[%clk 0:06:30]} 47. Rc4 {[%clk 0:01:14]} Bd5 {[%clk 0:06:16]} 48. Rc7
{[%clk 0:01:18]} Kg6 {[%clk 0:05:25]} 49. Rg3+ {[%clk 0:01:19]} Kf5
{[%clk 0:05:34]} 50. Re3 {[%clk 0:01:16]} Kg6 {[%clk 0:05:43]} 51. Rg3+
{[%clk 0:01:16]} Kf5 {[%clk 0:05:52]} 52. Rxf7+ {[%clk 0:01:25]} Kxe5
{[%clk 0:06:01]} 53. Rh7 {[%clk 0:01:22]} Ra1+ {[%clk 0:06:06]} 54. Kd2
{[%clk 0:01:19]} Ra2+ {[%clk 0:06:15]} 55. Ke1 {[%clk 0:01:18]} Ra1+
{[%clk 0:06:24]} 56. Kd2 {[%clk 0:01:19]} Ra2+ {[%clk 0:06:33]} 57. Kc1
{[%clk 0:01:12]} Ra1+ {[%clk 0:06:29]} 58. Kd2 {[%clk 0:01:16]} Ra2+
{[%clk 0:06:38]} 59. Kc1 {[%clk 0:01:14]} Ra1+ {[%clk 0:06:42]} 60. Kb2
{[%clk 0:01:06]} Ra2+ {[%clk 0:06:50]} 61. Kc1 {[%clk 0:00:59]} Rxf2
{[%clk 0:06:57]} 62. Rxh6 {[%clk 0:01:08]} Kd4 {[%clk 0:07:02]} 63. h5
{[%clk 0:01:08]} Rh2 {[%clk 0:07:00]} 64. Rh8 {[%clk 0:01:15]} e5
{[%clk 0:06:56]} 65. h6 {[%clk 0:01:22]} Be4 {[%clk 0:06:51]} 66. Rd8+
{[%clk 0:01:25]} Kc5 {[%clk 0:06:51]} 67. Rc8+ {[%clk 0:01:22]} Bc6
{[%clk 0:06:57]} 68. Rh8 {[%clk 0:01:28]} Be4 {[%clk 0:06:51]} 69. Rc8+
{[%clk 0:01:16]} Kd4 {[%clk 0:06:01]} 70. Rd8+ {[%clk 0:01:25]} Bd5
{[%clk 0:06:01]} 71. Rg4+ {[%clk 0:01:12]} e4 {[%clk 0:06:10]} 72. Rg5
{[%clk 0:01:19]} Kc3 {[%clk 0:06:19]} 73. Rgxd5 {[%clk 0:01:23]} Rh1+
{[%clk 0:06:22]} 74. Rd1 {[%clk 0:01:32]} Rxh6 {[%clk 0:06:30]} 75. Re8
{[%clk 0:01:31]} Rh4 {[%clk 0:06:11]} 76. Kb1 {[%clk 0:01:16]} Kc4
{[%clk 0:06:13]} 77. Kc2 {[%clk 0:01:16]} Rh2+ {[%clk 0:06:15]} 78. Rd2
{[%clk 0:01:25]} Rh4 {[%clk 0:06:24]} 79. Rc8+ {[%clk 0:01:32]} Kb5
{[%clk 0:06:33]} 80. Kb3 {[%clk 0:01:32]} a5 {[%clk 0:06:28]} 81. a4+
{[%clk 0:01:42]} Kb6 {[%clk 0:06:37]} 82. Rd6+ {[%clk 0:01:48]} Ka7
{[%clk 0:06:46]} 83. Re8 {[%clk 0:01:52]} Rh3+ {[%clk 0:00:53]} 84. Kc4
{[%clk 0:02:00]} Ra3 {[%clk 0:01:02]} 85. Rdd8 {[%clk 0:01:26]} Kb6
{[%clk 0:00:56]} 86. Rd6+ {[%clk 0:01:20]} Kc7 {[%clk 0:01:04]} 87. Rd4
{[%clk 0:01:19]} Rxa4+ {[%clk 0:01:09]} 88. Kd5 {[%clk 0:01:28]} Ra1
{[%clk 0:01:14]} 89. Rexe4 {[%clk 0:01:26]} Kb6 {[%clk 0:01:21]} 90. Re2
{[%clk 0:01:30]} Rb1 {[%clk 0:01:05]} 91. Rdd2 {[%clk 0:01:15]} Rb5+
{[%clk 0:01:11]} 92. Kc4 {[%clk 0:01:24]} Rc5+ {[%clk 0:01:19]} 93. Kb3
{[%clk 0:01:31]} Ka6 {[%clk 0:01:24]} 94. Re6+ {[%clk 0:01:38]} b6
{[%clk 0:01:32]} 95. Rde2 {[%clk 0:01:36]} Rb5+ {[%clk 0:01:39]} 96. Ka3
{[%clk 0:01:44]} 1-0

[Event "AsianNationCup2018-WomenRapid"]
[Site "?"]
[Date "2018.07.27"]
[Round "4.7"]
[White "Wang, Jue"]
[Black "Nakhbayeva, Guliskhan"]
[Result "1/2-1/2"]
[BlackElo "2279"]
[WhiteElo "2398"]
[LiveChessVersion "1.4.8"]

1. e4 {[%clk 0:15:18]} e5 {[%clk 0:15:19]} 2. Nf3 {[%clk 0:15:24]} Nc6
{[%clk 0:15:27]} 3. Bc4 {[%clk 0:15:26]} Nf6 {[%clk 0:15:35]} 4. d3
{[%clk 0:15:35]} Be7 {[%clk 0:15:42]} 5. O-O {[%clk 0:15:41]} O-O
{[%clk 0:15:48]} 6. Re1 {[%clk 0:15:43]} d6 {[%clk 0:15:48]} 7. a4
{[%clk 0:15:52]} Na5 {[%clk 0:15:57]} 8. Ba2 {[%clk 0:15:52]} c5 {[%clk 0:16:06]}
9. Nc3 {[%clk 0:14:24]} a6 {[%clk 0:14:55]} 10. Bg5 {[%clk 0:11:47]} h6
{[%clk 0:15:03]} 11. Bxf6 {[%clk 0:11:09]} Bxf6 {[%clk 0:15:12]} 12. Nd5
{[%clk 0:11:18]} Be6 {[%clk 0:14:55]} 13. Nd2 {[%clk 0:11:10]} g6
{[%clk 0:13:11]} 14. Nf1 {[%clk 0:11:11]} Bg7 {[%clk 0:13:14]} 15. Nfe3
{[%clk 0:10:52]} Nc6 {[%clk 0:12:58]} 16. c3 {[%clk 0:10:36]} Kh8
{[%clk 0:12:49]} 17. g3 {[%clk 0:09:45]} Rb8 {[%clk 0:11:12]} 18. Ng2
{[%clk 0:07:11]} b5 {[%clk 0:10:59]} 19. Rb1 {[%clk 0:06:44]} Qd7
{[%clk 0:10:39]} 20. axb5 {[%clk 0:06:02]} axb5 {[%clk 0:10:47]} 21. Nh4
{[%clk 0:05:58]} Kh7 {[%clk 0:10:35]} 22. Ra1 {[%clk 0:06:01]} Qd8
{[%clk 0:07:08]} 23. Ne3 {[%clk 0:05:50]} Bd7 {[%clk 0:06:57]} 24. Bd5
{[%clk 0:05:44]} Ne7 {[%clk 0:07:01]} 25. Bb3 {[%clk 0:04:28]} Bc6
{[%clk 0:06:43]} 26. Ra7 {[%clk 0:04:04]} Rb7 {[%clk 0:06:40]} 27. Ra6
{[%clk 0:04:07]} Rb6 {[%clk 0:06:08]} 28. Ra7 {[%clk 0:03:42]} Rb7
{[%clk 0:05:13]} 29. Qa1 {[%clk 0:03:29]} f5 {[%clk 0:04:19]} 30. exf5
{[%clk 0:03:04]} gxf5 {[%clk 0:04:28]} 31. Be6 {[%clk 0:03:10]} f4
{[%clk 0:04:02]} 32. Nef5 {[%clk 0:03:07]} Bf6 {[%clk 0:02:47]} 33. Rxb7
{[%clk 0:01:42]} Bxb7 34. Qa7 {[%clk 0:01:42]} Qc7 {[%clk 0:02:04]} 35. Nxe7
{[%clk 0:00:44]} Bxe7 {[%clk 0:01:33]} 36. Bd5 {[%clk 0:00:44]} Bxh4
{[%clk 0:01:24]} 37. Qxb7 {[%clk 0:00:26]} Qxb7 38. Bxb7 {[%clk 0:00:35]} fxg3
{[%clk 0:01:34]} 39. hxg3 {[%clk 0:00:43]} Bg5 {[%clk 0:01:43]} 40. Ra1
{[%clk 0:00:40]} Rf7 {[%clk 0:01:14]} 41. Bd5 {[%clk 0:00:46]} Rc7
{[%clk 0:01:11]} 42. Ra6 {[%clk 0:00:54]} Bc1 {[%clk 0:00:38]} 43. Rxd6
{[%clk 0:00:26]} Bxb2 {[%clk 0:00:46]} 44. Be4+ Kg7 {[%clk 0:00:47]} 45. Rg6+
{[%clk 0:00:14]} Kf8 {[%clk 0:00:57]} 46. Rb6 {[%clk 0:00:18]} Bxc3
{[%clk 0:00:55]} 47. Rxb5 {[%clk 0:00:27]} Bd4 {[%clk 0:00:57]} 48. Kg2
{[%clk 0:00:31]} Rf7 {[%clk 0:01:01]} 49. f3 {[%clk 0:00:40]} Kg7
{[%clk 0:01:08]} 50. Kh3 {[%clk 0:00:26]} Rf6 {[%clk 0:00:53]} 51. Kg4
{[%clk 0:00:30]} Rd6 {[%clk 0:00:49]} 52. Rb7+ {[%clk 0:00:38]} Kf6
{[%clk 0:00:54]} 53. Rh7 {[%clk 0:00:18]} Be3 {[%clk 0:01:01]} 54. f4
{[%clk 0:00:18]} exf4 {[%clk 0:01:07]} 55. gxf4 {[%clk 0:00:21]} Ke6
{[%clk 0:00:35]} 56. Rxh6+ {[%clk 0:00:30]} Ke7 {[%clk 0:00:41]} 57. Rh7+
{[%clk 0:00:38]} Kf6 {[%clk 0:00:48]} 58. Rh3 {[%clk 0:00:24]} Bc1
{[%clk 0:00:48]} 59. Rh5 {[%clk 0:00:30]} Be3 {[%clk 0:00:48]} 60. Bd5
{[%clk 0:00:20]} Kg7 61. Re5 {[%clk 0:00:17]} Bd4 {[%clk 0:00:48]} 62. Re7+
{[%clk 0:00:16]} Kf6 {[%clk 0:00:40]} 63. Rf7+ {[%clk 0:00:25]} Kg6
{[%clk 0:00:48]} 64. f5+ {[%clk 0:00:14]} Kh6 {[%clk 0:00:56]} 65. Bc4
{[%clk 0:00:16]} Rb6 {[%clk 0:00:46]} 66. Re7 {[%clk 0:00:14]} Rf6
{[%clk 0:00:47]} 67. Be6 {[%clk 0:00:19]} Rf8 {[%clk 0:00:50]} 68. Rb7
{[%clk 0:00:22]} Be5 {[%clk 0:00:49]} 69. Bf7 {[%clk 0:00:29]} Kg7
{[%clk 0:00:45]} 70. Bg6+ {[%clk 0:00:36]} Kf6 {[%clk 0:00:53]} 71. Rb6+
{[%clk 0:00:43]} Kg7 {[%clk 0:01:02]} 72. Rb7+ {[%clk 0:00:24]} Kf6
{[%clk 0:01:09]} 73. Kf3 {[%clk 0:00:22]} Bd4 {[%clk 0:01:12]} 74. Ke4
{[%clk 0:00:30]} Kg5 {[%clk 0:01:16]} 75. Kd5 {[%clk 0:00:36]} Rd8+
{[%clk 0:01:15]} 76. Ke6 {[%clk 0:00:41]} Rf8 {[%clk 0:01:21]} 77. Rb1
{[%clk 0:00:48]} Rf6+ {[%clk 0:01:28]} 78. Ke7 {[%clk 0:00:49]} Ra6
{[%clk 0:01:12]} 79. Re1 {[%clk 0:00:41]} Ra7+ {[%clk 0:01:15]} 80. Ke6
{[%clk 0:00:42]} Ra3 {[%clk 0:01:03]} 81. Rd1 {[%clk 0:00:32]} Ra2
{[%clk 0:00:53]} 82. Rh1 {[%clk 0:00:19]} Re2+ {[%clk 0:00:52]} 83. Kf7
{[%clk 0:00:28]} Rf2 {[%clk 0:00:46]} 84. Rh5+ {[%clk 0:00:33]} Kg4
{[%clk 0:00:54]} 85. Rh1 {[%clk 0:00:16]} Ra2 {[%clk 0:00:27]} 1/2-1/2

[Event "AsianNationCup2018-WomenRapid"]
[Site "?"]
[Date "2018.07.27"]
[Round "4.8"]
[White "Dauletova, Gulmira"]
[Black "Zhai, Mo"]
[Result "0-1"]
[BlackElo "2359"]
[WhiteElo "2153"]
[LiveChessVersion "1.4.8"]

1. e4 {[%clk 0:15:18]} c6 {[%clk 0:15:19]} 2. d4 {[%clk 0:15:24]} d5
{[%clk 0:15:27]} 3. Nc3 {[%clk 0:15:31]} dxe4 {[%clk 0:15:34]} 4. Nxe4
{[%clk 0:15:39]} Nf6 {[%clk 0:15:41]} 5. Nxf6+ {[%clk 0:15:46]} exf6
{[%clk 0:15:49]} 6. c3 {[%clk 0:15:52]} Bd6 {[%clk 0:15:49]} 7. Bd3
{[%clk 0:15:58]} O-O {[%clk 0:15:47]} 8. Ne2 {[%clk 0:16:05]} Qc7
{[%clk 0:14:52]} 9. Qc2 {[%clk 0:15:50]} h5 {[%clk 0:14:25]} 10. h3
{[%clk 0:15:36]} Re8 {[%clk 0:14:29]} 11. Be3 {[%clk 0:14:22]} Nd7
{[%clk 0:14:35]} 12. O-O-O {[%clk 0:11:10]} h4 {[%clk 0:13:42]} 13. Kb1
{[%clk 0:11:09]} Nf8 {[%clk 0:13:03]} 14. c4 {[%clk 0:10:24]} b6 {[%clk 0:12:07]}
15. Nc3 {[%clk 0:10:01]} Bf4 {[%clk 0:11:28]} 16. Ne4 {[%clk 0:08:51]} f5
{[%clk 0:09:29]} 17. Bxf4 {[%clk 0:08:47]} Qxf4 {[%clk 0:09:36]} 18. g3
{[%clk 0:08:56]} Qc7 {[%clk 0:09:14]} 19. Nc3 {[%clk 0:08:43]} f4
{[%clk 0:07:49]} 20. gxh4 {[%clk 0:07:25]} Qe7 {[%clk 0:07:54]} 21. h5
{[%clk 0:06:47]} Qh4 {[%clk 0:07:34]} 22. Ne4 {[%clk 0:05:57]} Qxh5
{[%clk 0:07:10]} 23. Rhg1 {[%clk 0:02:33]} Qh6 {[%clk 0:07:02]} 24. Rg2
{[%clk 0:02:33]} Bf5 {[%clk 0:06:14]} 25. Rdg1 {[%clk 0:02:22]} Bg6
{[%clk 0:06:19]} 26. Nf6+ {[%clk 0:01:28]} gxf6 {[%clk 0:03:57]} 27. Bxg6
{[%clk 0:01:36]} fxg6 {[%clk 0:03:48]} 28. Rxg6+ {[%clk 0:01:44]} Nxg6
{[%clk 0:03:56]} 29. Rxg6+ {[%clk 0:01:53]} Qg7 {[%clk 0:04:03]} 30. Qf5
{[%clk 0:01:24]} Kf7 {[%clk 0:03:12]} 31. Rxg7+ {[%clk 0:01:21]} Kxg7
{[%clk 0:03:21]} 32. Qd7+ {[%clk 0:00:35]} Kg6 {[%clk 0:03:29]} 33. Qg4+
{[%clk 0:00:25]} Kf7 {[%clk 0:03:28]} 34. Qd7+ {[%clk 0:00:34]} Kg6
{[%clk 0:03:37]} 35. Qg4+ {[%clk 0:00:43]} Kf7 {[%clk 0:03:45]} 36. Qd7+
{[%clk 0:00:51]} Kg6 {[%clk 0:03:54]} 37. Qg4+ {[%clk 0:00:38]} Kf7
{[%clk 0:04:02]} 38. Qd7+ {[%clk 0:00:47]} Kg6 {[%clk 0:04:11]} 39. Qxc6
{[%clk 0:00:44]} Re1+ {[%clk 0:03:53]} 40. Kc2 {[%clk 0:00:53]} Rae8
{[%clk 0:03:58]} 41. Qg2+ {[%clk 0:00:36]} Kf7 {[%clk 0:03:52]} 42. Qd5+
{[%clk 0:00:43]} Kg6 {[%clk 0:03:58]} 43. Qg2+ {[%clk 0:00:52]} Kf7
{[%clk 0:04:07]} 44. Qd5+ {[%clk 0:00:25]} Kg6 {[%clk 0:04:16]} 45. Qg2+
{[%clk 0:00:23]} Kf7 {[%clk 0:04:25]} 46. Qd5+ {[%clk 0:00:21]} Kg6
{[%clk 0:04:34]} 47. Qf3 {[%clk 0:00:28]} R8e2+ {[%clk 0:04:26]} 48. Kd3
{[%clk 0:00:20]} Rxb2 {[%clk 0:04:29]} 49. Qg4+ {[%clk 0:00:28]} Kf7
{[%clk 0:04:35]} 50. Qd7+ {[%clk 0:00:35]} Kg6 {[%clk 0:04:41]} 51. Qg4+
{[%clk 0:00:44]} Kf7 {[%clk 0:04:50]} 52. Qd7+ {[%clk 0:00:47]} Kg6
{[%clk 0:04:58]} 53. Qg4+ {[%clk 0:00:56]} Kf7 {[%clk 0:05:07]} 54. Qd7+
{[%clk 0:01:05]} Kg6 {[%clk 0:05:14]} 55. Qg4+ {[%clk 0:01:11]} Kf7
{[%clk 0:05:23]} 56. Qxf4 {[%clk 0:01:05]} Rxa2 {[%clk 0:05:25]} 57. d5
{[%clk 0:00:56]} Ra3+ {[%clk 0:04:50]} 58. Kd4 {[%clk 0:00:45]} Rd1+
{[%clk 0:04:51]} 59. Ke4 {[%clk 0:00:53]} Re1+ {[%clk 0:04:57]} 60. Kd4
{[%clk 0:00:50]} Rd1+ {[%clk 0:04:19]} 61. Ke4 {[%clk 0:01:00]} Re1+
{[%clk 0:04:28]} 62. Kd4 {[%clk 0:01:08]} Rd1+ {[%clk 0:03:25]} 63. Ke4
{[%clk 0:01:17]} Re1+ {[%clk 0:02:31]} 64. Kd4 {[%clk 0:01:26]} Rd1+
{[%clk 0:02:10]} 65. Ke4 {[%clk 0:01:35]} Re1+ {[%clk 0:02:08]} 66. Kd4
{[%clk 0:01:18]} Rd1+ {[%clk 0:02:04]} 67. Ke4 {[%clk 0:01:27]} Re1+
{[%clk 0:02:09]} 68. Kf5 {[%clk 0:01:36]} Rxh3 {[%clk 0:01:33]} 69. Qc7+
{[%clk 0:01:15]} Re7 {[%clk 0:01:39]} 70. Qc8 {[%clk 0:00:52]} Re5+
{[%clk 0:00:52]} 71. Kg4 {[%clk 0:00:39]} Rd3 {[%clk 0:01:00]} 72. f4
{[%clk 0:00:31]} Re4 {[%clk 0:00:37]} 73. Qc7+ {[%clk 0:00:18]} Kg6
{[%clk 0:00:40]} 74. Qd7 {[%clk 0:00:19]} Rdd4 {[%clk 0:00:30]} 75. Qf5+
{[%clk 0:00:26]} Kg7 {[%clk 0:00:34]} 76. Qd7+ {[%clk 0:00:33]} Kg6
{[%clk 0:00:36]} 77. Qf5+ {[%clk 0:00:42]} Kg7 {[%clk 0:00:45]} 78. Qd7+
{[%clk 0:00:51]} Kh6 {[%clk 0:00:54]} 79. d6 {[%clk 0:00:25]} Rxf4+
{[%clk 0:00:57]} 80. Kg3 {[%clk 0:00:34]} Rfe4 {[%clk 0:00:40]} 81. Qh3+
{[%clk 0:00:34]} Kg6 {[%clk 0:00:46]} 82. Qd7 {[%clk 0:00:28]} Re3+
{[%clk 0:00:50]} 83. Kf2 {[%clk 0:00:37]} Red3 {[%clk 0:00:55]} 84. Qe8+
{[%clk 0:00:43]} Kf5 {[%clk 0:00:55]} 85. Qd7+ {[%clk 0:00:30]} Kf4
{[%clk 0:00:56]} 86. Qxa7 {[%clk 0:00:17]} Rd2+ {[%clk 0:01:04]} 87. Kg1
{[%clk 0:00:26]} Rd1+ {[%clk 0:01:12]} 88. Kh2 {[%clk 0:00:35]} R4d2+
{[%clk 0:01:20]} 0-1

[Event "AsianNationCup2018-WomenRapid"]
[Site "?"]
[Date "2018.07.27"]
[Round "5.1"]
[White "Jalali, Saba"]
[Black "Hoang, Thi Bao Tram"]
[Result "1/2-1/2"]
[BlackElo "2329"]
[WhiteElo "1659"]
[LiveChessVersion "1.4.8"]

1. d4 {[%clk 0:15:18]} d5 {[%clk 0:15:12]} 2. c4 {[%clk 0:15:26]} c6
{[%clk 0:15:20]} 3. cxd5 {[%clk 0:15:34]} cxd5 {[%clk 0:15:28]} 4. Nc3
{[%clk 0:15:40]} Nc6 {[%clk 0:15:29]} 5. Bf4 {[%clk 0:15:45]} Nf6
{[%clk 0:15:31]} 6. e3 {[%clk 0:15:46]} a6 {[%clk 0:15:39]} 7. Bd3
{[%clk 0:15:39]} e6 {[%clk 0:15:24]} 8. Nf3 {[%clk 0:15:45]} Be7 {[%clk 0:15:31]}
9. h3 {[%clk 0:15:50]} O-O {[%clk 0:15:38]} 10. O-O {[%clk 0:15:57]} b5
{[%clk 0:15:28]} 11. Rc1 {[%clk 0:16:01]} Bb7 {[%clk 0:15:33]} 12. Ne5
{[%clk 0:15:36]} Nxe5 {[%clk 0:14:51]} 13. Bxe5 {[%clk 0:15:11]} Rc8
{[%clk 0:14:26]} 14. a3 {[%clk 0:14:18]} Nd7 {[%clk 0:14:18]} 15. Bh2
{[%clk 0:14:25]} Nb6 {[%clk 0:14:00]} 16. Rc2 {[%clk 0:11:30]} Nc4
{[%clk 0:13:55]} 17. Qc1 {[%clk 0:11:16]} Qd7 {[%clk 0:11:40]} 18. Nb1
{[%clk 0:10:42]} Nb6 {[%clk 0:09:21]} 19. b3 {[%clk 0:08:32]} Rxc2
{[%clk 0:05:19]} 20. Qxc2 {[%clk 0:08:39]} Rc8 {[%clk 0:05:23]} 21. Qe2
{[%clk 0:06:02]} g6 {[%clk 0:05:03]} 22. Kh1 {[%clk 0:03:29]} Qc6
{[%clk 0:03:14]} 23. f4 {[%clk 0:02:14]} Nd7 {[%clk 0:02:26]} 24. Bg3
{[%clk 0:01:49]} Nf6 {[%clk 0:01:29]} 25. Bh4 {[%clk 0:01:41]} Nh5
{[%clk 0:01:02]} 26. Qf2 {[%clk 0:01:24]} Qd7 {[%clk 0:00:12]} 27. g4
{[%clk 0:01:20]} Nf6 {[%clk 0:00:19]} 28. Bxf6 {[%clk 0:00:50]} Bxf6
{[%clk 0:00:27]} 29. g5 {[%clk 0:00:59]} Be7 {[%clk 0:00:33]} 30. h4
{[%clk 0:00:56]} Bd6 {[%clk 0:00:31]} 31. Kg2 {[%clk 0:00:33]} Kf8
{[%clk 0:00:28]} 32. h5 {[%clk 0:00:39]} Ke7 {[%clk 0:00:32]} 33. hxg6
{[%clk 0:00:47]} hxg6 {[%clk 0:00:40]} 34. Rh1 {[%clk 0:00:57]} Rg8
{[%clk 0:00:24]} 35. Rh7 {[%clk 0:00:46]} Ke8 {[%clk 0:00:29]} 36. Qh4
{[%clk 0:00:51]} Qe7 {[%clk 0:00:34]} 37. Qh6 {[%clk 0:00:23]} Qf8
{[%clk 0:00:22]} 38. Qxf8+ {[%clk 0:00:23]} Kxf8 {[%clk 0:00:25]} 39. b4
{[%clk 0:00:31]} Ke8 {[%clk 0:00:23]} 40. Nd2 {[%clk 0:00:34]} Bc6
{[%clk 0:00:28]} 41. Nb3 {[%clk 0:00:27]} Be7 {[%clk 0:00:21]} 42. Kf3
{[%clk 0:00:18]} Rf8 {[%clk 0:00:17]} 43. e4 {[%clk 0:00:26]} Kd7
{[%clk 0:00:21]} 44. e5 {[%clk 0:00:21]} Bb7 {[%clk 0:00:18]} 45. Ke3
{[%clk 0:00:25]} Bc6 {[%clk 0:00:20]} 46. Nd2 {[%clk 0:00:18]} Kd8
{[%clk 0:00:23]} 47. Nb1 {[%clk 0:00:26]} Kd7 {[%clk 0:00:19]} 48. Nc3
{[%clk 0:00:33]} Kd8 {[%clk 0:00:26]} 49. Nd1 {[%clk 0:00:37]} Bd7
{[%clk 0:00:33]} 50. Nf2 {[%clk 0:00:44]} a5 {[%clk 0:00:32]} 51. bxa5
{[%clk 0:00:47]} Bxa3 {[%clk 0:00:40]} 52. a6 {[%clk 0:00:48]} Kc8
{[%clk 0:00:40]} 53. Ng4 {[%clk 0:00:53]} Kb8 {[%clk 0:00:33]} 54. Nf6
{[%clk 0:00:55]} Bc1+ {[%clk 0:00:32]} 55. Kf3 {[%clk 0:00:59]} Bc6
{[%clk 0:00:41]} 56. a7+ {[%clk 0:01:03]} Ka8 {[%clk 0:00:45]} 57. Rg7
{[%clk 0:01:00]} Rh8 {[%clk 0:00:24]} 58. Nh7 {[%clk 0:01:04]} Be8
{[%clk 0:00:32]} 59. Bb1 {[%clk 0:00:29]} b4 {[%clk 0:00:37]} 60. Bc2
{[%clk 0:00:29]} Bb2 {[%clk 0:00:31]} 61. Ke3 {[%clk 0:00:35]} Bc1+
{[%clk 0:00:39]} 62. Kf3 {[%clk 0:00:44]} Bb2 {[%clk 0:00:45]} 63. Ke3
{[%clk 0:00:34]} Bc1+ {[%clk 0:00:53]} 1/2-1/2